书目信息 |
| 题名: |
装配式建筑设计
|
|
| 作者: | ;北京建筑工程学院建筑技术教研组 著 | |
| 分册: | ||
| 出版信息: | 北京 中国建筑工业出版社 1983 |
|
| 页数: | 211页 | |
| 开本: | 19cm | |
| 丛书名: | 建筑设计基本知识丛书 | |
| 单 册: | ||
| 中图分类: | TU208 | |
| 科图分类: | ||
| 主题词: | 建筑设计,装配式--基本知识 | |
| 电子资源: | ||
| ISBN: | ||
| 000 | 00791nam2 2200253 45 | |
| 001 | 0183004878 | |
| 005 | 20060805152455.25 | |
| 010 | @dCNY0.58 | |
| 091 | @a15040.4471 | |
| 100 | @a19950522d1983 em y0chiy0121 ea | |
| 101 | 0 | @achi |
| 102 | @aCN@b110000 | |
| 105 | @ay z 000yy | |
| 200 | 10 | @a装配式建筑设计@Azhuang pei shi jian zhu she ji@f北京建筑工程学院建筑技术教研组著 |
| 210 | @a北京@c中国建筑工业出版社@d1983 | |
| 215 | @a211页@d19cm | |
| 225 | 2 | @a建筑设计基本知识丛书 |
| 410 | 0 | @120010@a建筑设计基本知识丛书 |
| 606 | @a建筑设计,装配式@x基本知识 | |
| 690 | @aTU208@v3 | |
| 711 | 02 | @a北京建筑工程学院建筑技术教研组@Abei jing jian zhu gong cheng xue yuan jian zhu ji shu jiao yan zu@4著 |
| 801 | 2 | @aCN@bNLC@c20060805 |
| 801 | 0 | @aCN@bTSSF |
| 905 | @a10447@dTU208@e267 | |
| 装配式建筑设计/北京建筑工程学院建筑技术教研组著.-北京:中国建筑工业出版社,1983 |
| 211页;19cm.-(建筑设计基本知识丛书) |
| ISBN :CNY0.58 |
| ● |
| 相关链接 |
|
|
|
|
正题名:装配式建筑设计
索取号:TU208/267
 
预约/预借
| 序号 | 登录号 | 条形码 | 馆藏地/架位号 | 状态 | 备注 |
| 1 | 0451612 | 204516121 | 密集书库/ [索取号:TU208/267] | 在馆 | |
| 2 | 0451613 | 204516130 | 密集书库/ [索取号:TU208/267] | 在馆 |